[Event "Santa Cruz Potiguar-ch"]
[Site "Santa Cruz"]
[Date "2016.12.17"]
[Round "1"]
[White "Nunes, Alvanezio Cavalcant"]
[Black "Da Silva Neto, Jose Felipe"]
[Result "0-1"]
[WhiteElo "1800"]
[BlackElo "1613"]
[PlyCount "64"]
[EventDate "2016.12.17"]
[EventType "swiss"]
[EventRounds "5"]
[EventCountry "BRA"]
[SourceTitle "CBM 176 Extra"]
[Source "ChessBase"]
[SourceDate "2017.03.02"]
[SourceVersion "1"]
[SourceVersionDate "2017.03.02"]
[SourceQuality "1"]

1. e4 e5 2. Nf3 Nc6 3. Bc4 d6 4. h3 h6 5. Nc3 Na5 6. Bb3 Nf6 7. d4 exd4 8. Nxd4 Be7 9. 0-0 0-0 10. a3 Nxb3 11. Nxb3 b6 12. Be3 Bb7 13. f3 Nd7 14. Nd5 c6 15. Nf4 Ne5 16. Nd2 Ba6 17. Re1 Bf6 18. Rb1 Ng6 19. Nxg6 fxg6 20. Nb3 Qc7 21. Qd2 Rad8 22. Qf2 Rf7 23. Nd4 Bb7 24. Qd2 d5 25. e5 Qxe5 26. Nxc6 Bxc6 27. Bxb6 Qg3 28. Bxd8 Bxd8 29. b4 Rxf3 30. b5 Bc7 31. Re8+ Bxe8 32. Qxd5+ Rf7 0-1